[Event "Match"]
[Site "www.echecsemail.com"]
[Date "2015.07.24"]
[Round "1"]
[White "Standingpawn"]
[Black "Norbos"]
[WhiteElo "1499"]
[BlackElo "1600"]
[Result "1-0"]
[Round "1"]
1.e4 e5
2.d3 d6
3.Nb1c3 Ng8f6
4.f4 Nb8c6
5.f5 g6
6.g4 Nc6d4
7.g5 Nf6h5
8.f6 Bc8e6
9.Nc3a4 Qd8d7
10.b3 Be6g4
11.Bf1e2 Nd4xe2
12.Ng1xe2 O-O-O
13.Bc1e3 b6
14.Qd1d2 Bg4f3
15.Rh1f1 Qd7h3
16.Ne2g1 Qh3h4
17.Rf1f2 Bf3g2
18.O-O-O Nh5f4
19.Be3xf4 Bg2xe4
20.dxe4 exf4
21.Rf2xf4 Qh4xg5
22.Ng1f3 Qg5b5
23.Nf3d4 Qb5h5
24.Nd4c6 Rd8e8
25.Qd2d3 Bf8h6
26.Rd1f1 Bh6xf4
27.Rf1xf4 Qh5xh2
28.Rf4f1 Qh2g2
29.Na4c3 Re8e6
30.Rf1d1 Re6xf6
31.Qd3d4 Rh8e8
32.Qd4xf6 Qg2h3
33.Qf6xf7 Qh3d7
34.Qf7c4 Qd7g4
35.Nc6xa7 Kb7
36.Na7b5 Qg4f4
37.Kb2 Re8e7
38.Ka3 h5
39.Nc3d5 Qf4e5
40.Nd5xe7 Qe5xe7
41.Qc4d5 c6
42.Qd5xd6 Qe7xe4
43.Qd6d7 Ka6
44.Nb5d6 Qe4e2
45.Qd7b7 Ka5
46.Qb7a7 { resign }
1-0

[Event "Tourn. n8311"]
[Site "www.chess-mail.com"]
[Date "2015.07.25"]
[Round "1"]
[White "Maredocla"]
[Black "Xkafi"]
[WhiteElo "2060"]
[BlackElo "1960"]
[Result "0-1"]
[Round "1"]
1.f4 e6
2.Ng1f3 Qd8f6
3.e3 Ng8h6
4.h3 Nh6f5
5.g4 Nf5h4
6.g5 Nh4xf3
7.Qd1xf3 Qf6f5
8.Bf1d3 Qf5a5
9.b3 Nb8c6
10.Bc1b2 b5
11.Nb1c3 Ra8b8
12.O-O-O Bc8b7
13.Qf3f1 Nc6b4
14.Rh1h2 Nb4xa2
15.Nc3xa2 Qa5xa2
16.Bd3xb5 Bf8a3
17.Bb2xa3 Qa2a1
{ resign }
0-1

[Event "Tourn. n8229"]
[Site "www.chess-mail.com"]
[Date "2015.07.25"]
[Round "1"]
[White "Orhany24"]
[Black "Falcoale"]
[WhiteElo "1930"]
[BlackElo "1820"]
[Result "1-0"]
[Round "1"]
1.e4 c5
2.Ng1f3 e6
3.d4 cxd4
4.Nf3xd4 Ng8f6
5.Bf1d3 Bf8e7
6.c4 Nb8c6
7.Nd4xc6 bxc6
8.Nb1c3 Bc8b7
9.O-O O-O
10.h3 a6
11.Bc1e3 d5
12.cxd5 cxd5
13.exd5 Nf6xd5
14.Nc3xd5 Qd8xd5
15.f3 Qd5h5
16.Qd1e2 Rf8d8
17.Rf1d1 Be7g5
18.Be3b6 Rd8e8
19.Bd3e4 Ra8b8
20.Bb6d4 Bb7xe4
21.Qe2xe4 Rb8b4
22.Qe4e5 Qh5h6
23.a3 Rb4b5
24.Qe5d6 Bg5e7
25.Qd6xa6 Rb5f5
26.Bd4c3 Qh6g6
27.Qa6e2 Rf5h5
28.Kh1 Be7c5
29.Rd1d7 Qg6g3
30.Ra1d1 h6
31.Qe2c2 Bc5f2
32.Bc3e5 Rh5xe5
33.Rd7d8 Kf8
34.Rd8xe8 Kxe8
35.Qc2c8 Ke7
36.Qc8d8 
1-0

[Event "Tourn. n8229"]
[Site "www.chess-mail.com"]
[Date "2015.07.25"]
[Round "1"]
[White "Falcoale"]
[Black "Paes19"]
[WhiteElo "1820"]
[BlackElo "1970"]
[Result "1-0"]
[Round "1"]
1.e4 e6
2.Ng1f3 Nb8c6
3.d4 d5
4.e5 Bf8e7
5.a3 a6
6.Bf1d3 Ng8h6
7.Bc1e3 Nh6f5
8.O-O Nf5xe3
9.fxe3 Be7g5
10.Nf3xg5 Qd8xg5
11.Nb1d2 Qg5xe3
12.Kh1 Qe3xd4
13.Ra1b1 Nc6xe5
14.Nd2f3 Ne5xf3
15.Rf1xf3 Bc8d7
16.Rf3xf7 O-O-O
17.Qd1f3 g6
18.Rf7f4 Qd4g7
19.b4 Rh8f8
20.Rf4xf8 Rd8xf8
21.Qf3e3 Kb8
22.Qe3c5 Rf8f6
23.b5 Bd7xb5
24.Bd3xb5 axb5
25.Qc5xb5 c6
26.Qb5xc6 Qg7c7
27.Qc6a4 Rf6f8
28.Qa4b4 Rf8f7
29.a4 Rf7f4
30.Qb4b3 Qc7c4
31.Qb3xb7 { resign }
1-0

[Event "Tourn. n8160"]
[Site "www.chess-mail.com"]
[Date "2015.07.25"]
[Round "1"]
[White "Seger"]
[Black "Aperturaf"]
[WhiteElo "2670"]
[BlackElo "2450"]
[Result "1-0"]
[Round "1"]
1.d4 d5
2.c4 e6
3.Ng1f3 Ng8f6
4.Nb1c3 c6
5.Bc1g5 h6
6.Bg5xf6 Qd8xf6
7.e3 Nb8d7
8.Bf1d3 Qf6d8
9.O-O Bf8e7
10.Ra1c1 O-O
11.Qd1b3 a5
12.Bd3b1 Rf8e8
13.a3 Nd7b6
14.c5 Nb6d7
15.Nc3a4 Qd8c7
16.e4 Ra8b8
17.Qb3c2 g6
18.Rf1e1 b6
19.exd5 exd5
20.cxb6 Nd7xb6
21.Nf3e5 Bc8f5
22.Qc2xc6 Qc7xc6
23.Ne5xc6 Be7g5
24.Nc6xb8 Re8xb8
25.Na4xb6 Bg5xc1
26.Re1xc1 Rb8xb6
27.Bb1xf5 gxf5
28.g3 Rb6xb2
29.Rc1c5 Rb2d2
30.Rc5xd5 a4
31.Rd5xf5 Rd2d3
32.Rf5a5 Rd3xa3
33.Kf1 Kg7
34.Ke2 Ra3a2
35.Kf3 a3
36.h4 Ra2a1
37.g4 a2
38.Ra5a6  { time }
1-0

[Event "Match"]
[Site "www.echecsemail.com"]
[Date "2015.07.25"]
[Round "1"]
[White "Harrytheking"]
[Black "Gmscalpel"]
[WhiteElo "1770"]
[BlackElo "1809"]
[Result "0-1"]
[Round "1"]
1.c4 Ng8f6
2.Nb1c3 g6
3.h3 Bf8g7
4.Ng1f3 c5
5.e3 O-O
6.Bf1e2 d6
7.O-O Nb8c6
 { time }
0-1

[Event "Match"]
[Site "www.echecsemail.com"]
[Date "2015.07.25"]
[Round "1"]
[White "Manolinex"]
[Black "Aperturaf"]
[WhiteElo "2700"]
[BlackElo "2440"]
[Result "1-0"]
[Round "1"]
1.e4 e6
2.d4 d5
3.Nb1d2 c5
4.exd5 exd5
5.Ng1f3 Nb8c6
6.Bf1b5 Bf8d6
7.dxc5 Bd6xc5
8.O-O Ng8e7
9.Nd2b3 Bc5d6
10.Rf1e1 O-O
11.c3 f6
12.Nb3d4 Nc6e5
13.Bc1f4 Bc8g4
14.Bf4g3  { time }
1-0

[Event "Match"]
[Site "www.echecsemail.com"]
[Date "2015.07.25"]
[Round "1"]
[White "Aperturaf"]
[Black "Yussuf1000"]
[WhiteElo "2440"]
[BlackElo "2229"]
[Result "0-1"]
[Round "1"]
1.e4 c5
2.Ng1f3 Nb8c6
3.Bf1b5 Qd8c7
4.O-O a6
5.Bb5xc6 dxc6
6.a4 a5
7.d3 e5
8.Nb1a3 Ng8e7
9.Nf3h4 Ne7g6
10.Nh4xg6 hxg6
11.f4 Bf8d6
12.Qd1e1 exf4
13.e5 Bd6e7
14.Bc1xf4 Bc8e6
15.b3 Kf8
16.Na3c4 Kg8
17.Qe1e3 Rh8h5
18.h3 b6
19.Nc4d6 Ra8f8
20.Ra1b1 Rf8a8
21.Rb1d1 Ra8d8
22.Rd1e1 Qc7d7
23.Bf4g3 Be7g5
 { time }
0-1

[Event "Match"]
[Site "www.echecsemail.com"]
[Date "2015.07.25"]
[Round "1"]
[White "Gambitmiau"]
[Black "Paco"]
[WhiteElo "1830"]
[BlackElo "1820"]
[Result "1-0"]
[Round "1"]
1.e4 e5
2.d4 exd4
3.c3 dxc3
4.Nb1xc3 Bf8c5
5.Ng1f3 d6
6.Bf1c4 Nb8c6
7.Bc4xf7 Kxf7
8.Nf3g5 Ke8
9.Qd1f3 Ng8f6
10.O-O Nc6e5
11.Qf3g3 h6
12.Ng5h3 g5
13.Kh1 Bc8xh3
14.Qg3xh3 c6
15.Bc1xg5 Nf6g4
16.Bg5xd8 Ra8xd8
17.Qh3h5 Kd7
18.h3 Ng4f6
19.Qh5f5 Ke7
20.Ra1d1 Rh8f8
21.f4 Ne5c4
22.e5 Nc4e3
23.exf6 Rf8xf6
24.Qf5h7 Rf6f7
25.Qh7e4 Kd7
26.Rf1e1 Ne3xd1
27.Qe4e6 Kc7
28.Qe6xf7 Rd8d7
29.Re1e7 Rd7xe7
30.Qf7xe7 Kb6
31.Nc3xd1 d5
32.Qe7d8 Ka6
33.Nd1c3 Bc5b6
34.Qd8d6 Bb6d4
35.Qd6b4 Bd4xc3
36.Qb4xc3 h5
37.b4 { resign }
1-0

[Event "Match"]
[Site "www.echecsemail.com"]
[Date "2015.07.25"]
[Round "1"]
[White "Hrob71"]
[Black "Orae"]
[WhiteElo "2080"]
[BlackElo "1589"]
[Result "1-0"]
[Round "1"]
1.e4 e5
2.Ng1f3 Nb8c6
3.d4 Ng8f6
4.Nb1c3 Bf8b4
5.Bc1g5 h6
6.Bg5xf6 Qd8xf6
7.d5 Bb4xc3
8.bxc3 Nc6e7
9.Bf1d3 O-O
10.O-O d6
11.c4 c5
12.Qd1d2 Qf6g6
13.Rf1b1 b6
14.a4 Bc8h3
15.Nf3h4 Qg6g4
16.g3 Ne7g6
17.f3 Qg4h5
18.Nh4f5 Qh5xf3
19.Nf5xd6 Ra8d8
20.Nd6f5 Bh3xf5
21.exf5 Ng6e7
22.Rb1f1 Qf3g4
23.f6 Qg4d4
24.Kg2 Ne7g6
25.fxg7 Kxg7
26.Qd2e2 Rd8d6
27.Qe2f3 e4
28.Qf3xe4 Qd4xe4
29.Bd3xe4 Ng6e5
30.Be4d3 Ne5g4
31.Ra1e1 a5
32.Rf1f4 Ng4f6
33.g4 h5
34.g5 Nf6e8
35.Re1e7 Kg8
36.h4 Ne8g7
37.Rf4f6 Rd6xf6
38.gxf6 Ng7e8
39.Bd3f5 Ne8xf6
40.Re7b7 Nf6e8
41.Rb7xb6 Kh8
42.d6 Rf8g8
43.Kh2 Ne8f6
44.d7 Rg8d8
45.Rb6xf6 Kg7
46.Rf6c6 f6
47.Rc6c8 { resign }
1-0

[Event "Match"]
[Site "www.echecsemail.com"]
[Date "2015.07.25"]
[Round "1"]
[White "Redabond"]
[Black "Mdesouza"]
[WhiteElo "1639"]
[BlackElo "2210"]
[Result "0-1"]
[Round "1"]
1.e4 e5
2.Bf1c4 Ng8f6
3.Nb1c3 Nb8c6
4.Ng1f3 Bf8e7
5.Nf3g5 O-O
6.O-O Nc6a5
7.Bc4d3 h6
8.Ng5f3 d6
9.Bd3b5 a6
10.Bb5d3 Bc8g4
11.h3 Bg4h5
12.Bd3e2 b5
13.d3 b4
14.Nc3d5 Nf6xd5
15.exd5 Na5b7
16.d4 e4
17.Nf3d2 Bh5g6
18.Be2g4 f5
19.Bg4h5 Qd8e8
20.Bh5xg6 Qe8xg6
21.Nd2b3 f4
22.Qd1g4 Qg6xg4
23.hxg4 Be7g5
24.Rf1e1 Ra8e8
25.c3 bxc3
26.bxc3 Bg5h4
27.Nb3d2 e3
28.fxe3 Bh4xe1
29.Nd2f3 Be1xc3
30.Ra1b1 fxe3
31.Rb1xb7 Rf8xf3
32.Bc1xe3 Rf3xe3
33.Rb7xc7 Bc3xd4
34.Kh1 Re3e1
35.Kh2 g5
36.Rc7d7 Bd4e5
37.g3 Re8c8
38.Kg2 Rc8c3
39.Rd7d8 Kf7
40.Rd8d7 Kg6
41.Rd7a7 Rc3c2
42.Kf3 Re1g1
43.Ra7xa6 Rg1xg3
44.Ke4 Rc2c4
{ resign }
0-1

[Event "Tourn. n8220"]
[Site "www.chess-mail.com"]
[Date "2015.07.26"]
[Round "1"]
[White "Generalfree"]
[Black "Gegonz"]
[WhiteElo "1800"]
[BlackElo "1970"]
[Result "0-1"]
[Round "1"]
1.d4 d5
2.Nb1c3 Ng8f6
3.f3 e6
4.e4 dxe4
5.fxe4 Bf8b4
6.Qd1d3 c5
7.Qd3b5 Nb8d7
8.dxc5 Bb4xc3
9.bxc3 Nf6xe4
10.Bc1e3 Ne4xc3
11.Qb5c4 Nc3d5
12.c6 Nd7e5
13.cxb7 Ne5xc4
14.bxa8Q Nc4xe3
15.Bf1b5 Bc8d7
16.Bb5xd7 Kxd7
17.Qa8xa7 Qd8c7
18.Qa7xc7 Kxc7
19.Kf2 Rh8b8
20.Ng1e2 Rb8b2
21.Ne2d4 e5
22.Nd4e2 f5
23.Rh1c1 f4
24.g3 g5
25.c4 Nd5b4
26.Ra1b1 Nb4d3
27.Kf3 Rb2xa2
28.Rc1c3 Nd3c5
29.gxf4 exf4
30.Rb1g1 h6
31.h4 Nc5e6
32.hxg5 hxg5
33.Rg1h1 g4
34.Kf2 Ne6d4
35.Rh1h7 Kc6
36.Rh7h6 Kc5
37.Rh6h5 Kb4
{ resign }
0-1

[Event "Tourn. n8295"]
[Site "www.chess-mail.com"]
[Date "2015.07.26"]
[Round "1"]
[White "Arto20"]
[Black "Krystek23"]
[WhiteElo "2410"]
[BlackElo "2330"]
[Result "1-0"]
[Round "1"]
1.d4 Ng8f6
2.Ng1f3 d6
3.Nb1c3 g6
4.e4 Bf8g7
5.Bc1e3 a6
6.Qd1d2 O-O
7.Be3h6 b5
8.Bh6xg7 Kxg7
9.Bf1d3 Bc8g4
10.e5 dxe5
11.dxe5 Nf6d7
12.Qd2f4 Bg4xf3
13.Qf4xf3 c6
14.Qf3g3 Qd8a5
15.e6 Nd7f6
16.O-O fxe6
17.Ra1e1 Qa5b4
18.Re1xe6 Nb8d7
19.Nc3e4 Rf8e8
20.b3 Nd7e5
21.Qg3xe5 Kg8
22.Ne4xf6 Kf7
23.Nf6xh7 Re8g8
24.Nh7g5 { resign }
1-0

[Event "Tourn. n8310"]
[Site "www.chess-mail.com"]
[Date "2015.07.26"]
[Round "1"]
[White "Raulazo"]
[Black "Mitja"]
[WhiteElo "1889"]
[BlackElo "1660"]
[Result "1-0"]
[Round "1"]
1.e4 d5
2.e5 e6
3.Ng1f3 a6
4.d4 Nb8c6
5.Nf3g5 g6
6.Qd1f3 Qd8e7
7.Nb1c3 Nc6xd4
8.Qf3d1 Nd4c6
9.Qd1f3 Nc6d4
10.Qf3d3 Nd4c6
11.a3 Nc6xe5
12.Qd3d4 Bf8g7
13.Qd4a4 b5
14.Nc3xb5 c6
15.Nb5d4 Bc8b7
16.Bc1f4 Ng8h6
17.O-O-O O-O
18.Ng5f3 Ne5g4
19.Rd1d2 Nh6f5
20.Nd4xc6 Bb7xc6
21.Qa4xc6 Rf8c8
22.Qc6b6 g5
23.Bf4xg5 Rc8b8
24.Qb6xb8 { resign }
1-0

[Event "Tourn. n8270"]
[Site "www.chess-mail.com"]
[Date "2015.07.26"]
[Round "1"]
[White "Guidom"]
[Black "Vite"]
[WhiteElo "2070"]
[BlackElo "1980"]
[Result "1-0"]
[Round "1"]
1.e4 c5
2.Ng1f3 d6
3.Nb1c3 Ng8f6
4.d4 cxd4
5.Nf3xd4 Nb8c6
6.Nd4xc6 bxc6
7.Bc1g5 e6
8.Bf1d3 Bf8e7
9.O-O O-O
10.Qd1e2 Ra8b8
11.Ra1b1 Nf6d7
12.Bg5xe7 Qd8xe7
13.Kh1 Nd7c5
14.b3 Nc5xd3
15.cxd3 Bc8a6
16.Qe2e3 d5
17.exd5 cxd5
18.Nc3xd5 Qe7d6
19.Nd5f4 Rb8b7
20.Rf1d1 Rf8d8
21.Rb1c1 Rb7d7
22.h3 e5
23.Nf4e2 Ba6xd3
24.Ne2c3 Qd6f6
25.f3 Bd3g6
26.Rd1xd7 Rd8xd7
27.Nc3e4 Qf6a6
28.Qe3e2 Qa6b6
29.Qe2b5 Qb6d8
30.Qb5xe5 f6
31.Qe5e6 Bg6f7
32.Qe6c6 Bf7d5
{ time. }
1-0

[Event "Tourn. n8299"]
[Site "www.chess-mail.com"]
[Date "2015.07.26"]
[Round "1"]
[White "Hundegana"]
[Black "Xkafi"]
[WhiteElo "1950"]
[BlackElo "1960"]
[Result "0-1"]
[Round "1"]
1.e4 e5
2.Ng1f3 Qd8f6
3.d3 h6
4.b3 Bf8b4
5.c3 Bb4a5
6.Bc1e3 Ng8e7
7.b4 Ba5b6
8.Bf1e2 d6
9.h3 Ne7g6
10.a4 a6
11.Be3xb6 cxb6
12.Qd1d2 Ng6f4
13.Be2f1 a5
14.b5 Nb8d7
15.g3 Nf4e6
16.Nb1a3 Qf6xf3
17.Rh1h2 Nd7c5
18.Ra1b1 Nc5xa4
19.Bf1e2 Qf3f6
20.Na3c4 Ne6c5
21.Be2d1 d5
22.exd5 Bc8f5
23.Bd1xa4 Nc5xa4
24.Rb1a1 Na4c5
25.Ra1a2 Nc5xd3
26.Kf1 Ra8d8
27.Nc4e3 Bf5e4
28.c4 Rd8d6
29.Ne3g4 Qf6f5
30.Ng4e3 Qf5f3
31.Qd2e2 Qf3f6
32.Ne3g4 Qf6g6
33.Ng4e3 Rd6f6
34.Kg1 Nd3c1
35.Qe2d2 Nc1xa2
36.Qd2xa2 O-O
37.Ne3g4 Rf6f5
38.Qa2e2 Be4f3
39.Qe2d2 Rf8c8
40.Ng4e3 Rf5f4
41.Qd2b2 Rf4xc4
42.Ne3xc4 Rc8xc4
43.Rh2g2 Qg6e4
44.d6 Qe4e1
45.Kh2 Rc4c1
46.Qb2xc1 Qe1xc1
47.Rg2g1 Qc1d2
48.Rg1f1 Qd2xd6
49.Rf1c1 Qd6d2
50.Rc1f1 e4
51.g4 e3
52.Kg3 Qd2e2
53.Rf1c1 Qe2xf2
54.Kf4 Bf3c6
55.Ke5 e2
56.Kd6 Qf2f4
{ resign }
0-1

[Event "Tourn. n8229"]
[Site "www.chess-mail.com"]
[Date "2015.07.26"]
[Round "1"]
[White "Paes19"]
[Black "Bigoak"]
[WhiteElo "1970"]
[BlackElo "1910"]
[Result "0-1"]
[Round "1"]
1.e4 c6
2.d4 d5
3.e5 Bc8f5
4.h3 e6
5.Ng1f3 Nb8d7
6.Bf1d3 Ng8e7
7.Bc1e3 Qd8b6
8.b3 Bf5xd3
9.Qd1xd3 Ne7f5
10.Nb1d2 g6
11.c4 dxc4
12.Nd2xc4 Qb6c7
13.O-O Bf8g7
14.Ra1d1 O-O
15.Nf3d2 c5
16.Rf1e1 Nd7b6
17.f4 cxd4
18.Be3xd4 Nf5xd4
19.Qd3xd4 Rf8d8
20.Qd4e4 Nb6d5
21.Qe4f3 Bg7h6
22.g3 Bh6f8
23.Kh2 Rd8d7
24.Nd2e4 Bf8b4
25.Re1e2 Kg7
26.a3 Bb4e7
27.Re2d2 Ra8d8
28.Ne4d6 f6
29.g4 fxe5
30.fxe5 a6
31.Qf3g3 b5
32.Rd2f2 bxc4
33.Rf2f7 Kg8
34.Rd1f1 Be7xd6
35.exd6 Qc7xd6
36.Qg3xd6 Rd7xd6
37.Rf7a7 Rd8d7
38.Ra7a8 Kg7
39.Rf1f8 Nd5f6
40.g5 Rd6d2
41.Kg1 Rd2d1
42.Kg2 Rd7d2
43.Kf3 Rd2d3
44.Ke2 Nf6d7
45.Rf8g8 Kf7
46.Rg8h8 e5
47.Rh8xh7 Ke6
48.Ra8xa6 Rd3d6
49.Ra6xd6 Rd1xd6
50.bxc4 Rd6d4
51.c5 Nd7xc5
52.Rh7c7 Nc5e4
53.Rc7c6 Kf5
54.h4 Rd4a4
{ resign }
0-1

[Event "Match"]
[Site "www.echecsemail.com"]
[Date "2015.07.26"]
[Round "1"]
[White "Calponas"]
[Black "Estonia"]
[WhiteElo "2040"]
[BlackElo "1809"]
[Result "0-1"]
[Round "1"]
1.e4 c5
2.Ng1f3 Nb8c6
3.Bf1b5 d6
4.O-O Bc8d7
5.Rf1e1 e5
6.c3 a6
7.Bb5f1 Ng8f6
8.d4 cxd4
9.cxd4 Bf8e7
10.d5 Nc6a7
11.a4 O-O
12.Nb1c3 b5
13.axb5 Na7xb5
14.Bc1g5 h6
15.Bg5xf6 Be7xf6
16.Qd1b3 Nb5d4
17.Nf3xd4 exd4
18.Nc3e2 Bf6e5
19.f4 Be5f6
20.e5 dxe5
21.fxe5 Bf6xe5
22.Ne2g3 Be5xg3
23.hxg3 Qd8f6
24.Ra1xa6 Ra8xa6
25.Bf1xa6 Qf6xa6
26.Re1d1 Qa6d6
27.Rd1xd4 Rf8b8
28.Qb3c3 Rb8b5
29.Qc3d2 Qd6xg3
30.Qd2e2 Rb5b8
31.b4 Bd7b5
32.Qe2f2 Qg3xf2
33.Kxf2 f5
34.Kf3 g5
{ resign }
0-1

[Event "Match"]
[Site "www.echecsemail.com"]
[Date "2015.07.26"]
[Round "1"]
[White "Carazo"]
[Black "Gaspard"]
[WhiteElo "1599"]
[BlackElo "1830"]
[Result "1-0"]
[Round "1"]
1.e4 e5
2.Ng1f3 Nb8c6
3.Bf1c4 Ng8f6
4.Nf3g5 d5
5.exd5 Nf6xd5
6.d3 Bf8e7
7.Ng5xf7 Kxf7
8.Qd1f3 Ke6
9.Qf3g4 Kf7
10.Qg4f3 Ke6
11.O-O Nc6d4
12.Qf3g4 Nd4f5
13.d4 h5
14.Qg4h3 Be7f6
15.Nb1c3 c6
16.Rf1e1 Kd6
17.Qh3d3 Nf5xd4
18.Bc4xd5 cxd5
19.b3 Bc8f5
20.Nc3b5 Nd4xb5
21.Qd3xb5 Qd8d7
22.Qb5b4 Ke6
23.Bc1f4 Ra8c8
24.Qb4d2 Rc8xc2
25.Qd2d1 g5
26.Bf4e3 b6
27.a4 h4
28.h3 Rh8d8
29.Be3d2 Qd7c8
30.a5 e4
31.b4 Bf6xa1
32.Bd2xg5 Ba1f6
33.Bg5d2 Rd8g8
34.Qd1e2 Bf5xh3
35.g3 Bf6d4
36.Kh2  { time }
1-0

[Event "Match"]
[Site "www.echecsemail.com"]
[Date "2015.07.26"]
[Round "1"]
[White "Fanny33"]
[Black "Nimzo"]
[WhiteElo "2750"]
[BlackElo "2720"]
[Result "1/2-1/2"]
[Round "1"]
1.e4 e6
2.d3 d5
3.Nb1d2 c5
4.Ng1f3 Nb8c6
5.g3 Bf8d6
6.Bf1g2 Ng8e7
7.O-O O-O
8.Nf3h4 b6
9.f4 dxe4
10.dxe4 Bc8a6
11.Rf1e1 Bd6c7
12.c3 Ba6d3
13.e5 c4
14.Nd2e4 b5
15.Kh1 b4
16.Ne4c5 Ra8b8
17.Nc5xd3 Qd8xd3
18.Qd1h5 g6
19.Qh5h6 bxc3
20.Bg2e4 Qd3d7
21.bxc3 Ne7f5
22.Nh4xf5 exf5
23.Be4f3 Rf8d8
24.Bc1a3 Bc7a5
25.Ra1d1 Qd7e8
26.Rd1d6 Rd8xd6
27.Ba3xd6 Ba5xc3
28.Re1c1 Rb8d8
29.Bd6f8 Qe8xf8
30.Qh6xf8 Kxf8
31.Bf3xc6 Bc3a5
32.Rc1xc4 Rd8d1
33.Kg2 Rd1d2
34.Kh1 Rd2xa2
35.Rc4a4 Ra2xa4
36.Bc6xa4 Ke7
37.Kg2 f6
38.exf6 Kxf6
39.Kf3 Ba5b6
40.h3 Bb6c5
41.g4 fxg4
{ draw }
1/2-1/2

[Event "Match"]
[Site "www.echecsemail.com"]
[Date "2015.07.26"]
[Round "1"]
[White "Pinehill"]
[Black "Generalfree"]
[WhiteElo "1850"]
[BlackElo "1890"]
[Result "1-0"]
[Round "1"]
1.e4 e5
2.d4 Qd8h4
3.Nb1c3 Bf8b4
4.Bf1e2 Qh4xe4
5.Ng1f3 exd4
6.Qd1xd4 Qe4xd4
7.Nf3xd4 Bb4xc3
8.bxc3 c5
9.Nd4f5 g6
10.Nf5d6 Kf8
11.Nd6xc8 Nb8c6
12.Nc8d6 { resign }
1-0

[Event "Match"]
[Site "www.echecsemail.com"]
[Date "2015.07.26"]
[Round "1"]
[White "Generalfree"]
[Black "Libiesse"]
[WhiteElo "1940"]
[BlackElo "2130"]
[Result "0-1"]
[Round "1"]
1.d4 d5
2.Bc1f4 e6
3.f3 Ng8f6
4.a3 Nb8d7
5.e3 c5
6.dxc5 Bf8xc5
7.b4 Bc5e7
8.c4 O-O
9.cxd5 Nf6xd5
10.Qd1d4 Be7f6
11.Bf4g5 Bf6xd4
12.Bg5xd8 Bd4xa1
{ resign }
0-1

[Event "1/4 Finale"]
[Site "www.chess-mail.com"]
[Date "2015.07.26"]
[Round "1"]
[White "Szustan"]
[Black "Fjpv"]
[WhiteElo "2620"]
[BlackElo "2620"]
[Result "0-1"]
[Round "1"]
1.e4 e5
2.Ng1f3 Ng8f6
3.Nf3xe5 d6
4.Ne5f3 Nf6xe4
5.d4 d5
6.Bf1d3 Nb8c6
7.O-O Bf8e7
8.c4 Ne4f6
9.Nb1c3 O-O
10.h3 Nc6b4
11.Bd3e2 dxc4
12.Be2xc4 c6
13.a3 Nb4d5
14.Rf1e1 Rf8e8
15.Qd1b3 Qd8b6
16.Qb3c2 Bc8e6
17.Nc3a4 Qb6d8
18.Bc1e3 Nd5xe3
19.Re1xe3 Be6xc4
20.Qc2xc4 b5
21.Qc4xc6 bxa4
22.Ra1e1 Ra8b8
23.Qc6c4 Rb8b7
24.Re3e2 Qd8d7
25.Nf3e5 Qd7d5
26.Qc4xa4 Be7d6
27.Qa4c6 Rb7e7
28.Qc6xd5 Nf6xd5
29.Kf1 Bd6xe5
30.Re2xe5 Kf8
31.Re5xe7 Re8xe7
32.Re1c1 Re7d7
33.b4 g6
34.Ke2 Nd5f4
35.Kf3 Nf4e6
36.Ke3 Ke7
37.Rc1c6 Ne6xd4
38.Rc6a6 Kd8
39.Kf4 Kc8
40.Ke5 Kb7
41.Ra6f6 Nd4c2
42.Rf6f3 Nc2e1
43.Rf3g3 Rd7d2
{ resign }
0-1

[Event "Tourn. n8269"]
[Site "www.chess-mail.com"]
[Date "2015.07.27"]
[Round "1"]
[White "Bojan"]
[Black "Gegonz"]
[WhiteElo "1890"]
[BlackElo "1970"]
[Result "1-0"]
[Round "1"]
1.e4 c6
2.Ng1f3 d5
3.exd5 cxd5
4.c3 Ng8f6
5.h3 Bc8f5
6.Nf3d4 Bf5g6
7.Bf1e2 e5
8.Nd4f3 Nb8c6
9.Nf3h4 Bg6xb1
10.Ra1xb1 Bf8d6
11.Nh4f5 O-O
12.d3 Qd8c7
13.Bc1e3 Ra8d8
14.Be2f3 e4
15.dxe4 dxe4
16.Bf3e2 Bd6c5
17.Qd1c2 Bc5xe3
18.Nf5xe3 a6
19.Rb1d1 Rd8xd1
20.Be2xd1 Nc6e5
21.b3 Ne5d3
22.Kf1 Rf8c8
23.c4 b5
24.cxb5 axb5
25.g3 g6
26.Qc2xc7 Rc8xc7
27.Kg2 Rc7c1
28.Rh1f1 Nd3b2
29.Bd1e2 Rc1xf1
30.Kxf1 Nb2d3
31.f3 Nd3c1
32.Be2xb5 Nc1xa2
33.Kf2 Na2c3
34.Bb5c4 exf3
35.Kxf3 Kf8
36.b4 Ke7
37.Kf4 Nf6h5
38.Kf3 f5
39.Ne3d5 Nc3xd5
40.Bc4xd5 Nh5f6
41.Bd5c4 g5
42.Bc4a6 h5
43.Ba6c8 g4
44.hxg4 fxg4
45.Kg2 Kd6
46.Bc8f5 Kc6
47.Bf5d3 Nf6d5
48.b5 Kc5
49.Kf2 Nd5c3
50.Ke3 Nc3xb5
51.Bd3xb5 Kxb5
52.Kf4 { resign }
1-0

[Event "Tourn. n8323"]
[Site "www.chess-mail.com"]
[Date "2015.07.27"]
[Round "1"]
[White "Mitja"]
[Black "Olddog55"]
[WhiteElo "1660"]
[BlackElo "1740"]
[Result "0-1"]
[Round "1"]
1.d4 d5
2.e3 Bc8f5
3.h3 e6
4.Ng1f3 Ng8f6
5.c3 Nf6e4
6.Nb1d2 Bf8d6
7.Nd2xe4 dxe4
8.Nf3h4 Qd8xh4
{ resign }
0-1

[Event "Match"]
[Site "www.echecsemail.com"]
[Date "2015.07.27"]
[Round "1"]
[White "Ruko"]
[Black "Wagner"]
[WhiteElo "1680"]
[BlackElo "1660"]
[Result "0-1"]
[Round "1"]
1.e4 e5
2.Ng1f3 d6
3.d4 Bc8g4
4.dxe5 Bg4xf3
5.Qd1xf3 dxe5
6.Bf1c4 Ng8f6
7.Qf3b3 Bf8c5
8.Bc4xf7 Ke7
9.Qb3e6 Kf8
10.Bc1g5 Nb8d7
11.Nb1c3 Qd8e7
12.Qe6xe7 Bc5xe7
13.Bf7e6 Nd7c5
14.Bg5xf6 Be7xf6
15.Be6d5 c6
16.Bd5b3 b5
17.f3 a5
18.a4 b4
19.Nc3e2 Ra8d8
20.O-O g5
21.Ra1d1 Kg7
22.Ne2g3 Kg6
23.Bb3c4 g4
24.fxg4 Bf6g5
25.Ng3f5 Nc5xe4
26.Rf1e1 Ne4f6
27.h3 h5
28.Nf5e7 Kg7
29.Ne7xc6 Rd8xd1
30.Re1xd1 Nf6e4
31.Nc6xe5 Bg5e3
32.Kf1 Rh8f8
33.Ke2 Be3g5
34.gxh5 Ne4g3
35.Kd3 Rf8d8
{ resign }
0-1

[Event "Match"]
[Site "www.echecsemail.com"]
[Date "2015.07.27"]
[Round "1"]
[White "Ditto"]
[Black "Castletyme"]
[WhiteElo "1820"]
[BlackElo "1880"]
[Result "1-0"]
[Round "1"]
1.d4 d5
2.Ng1f3 Bc8g4
3.Bc1f4 Bg4xf3
4.gxf3 Nb8c6
5.Bf1g2 e6
6.Nb1c3 Bf8b4
7.Qd1d3 Bb4xc3
8.Qd3xc3 Ng8e7
9.O-O-O O-O
10.Bf4g3 Ne7f5
11.Bg3f4 Nf5d6
12.h4 Nd6c4
13.Bg2h3 Qd8xh4
14.Bf4g3 Qh4h6
15.e3 Qh6f6
16.Bh3g2 Rf8c8
17.Qc3d3 Nc6b4
18.Qd3b3 a5
19.Bg2f1 b5
20.Bf1d3 Qf6xf3
21.Bd3xh7 Kf8
22.a3 Nb4xc2
23.Bh7xc2 Ke7
24.Bg3h4 f6
25.Qb3xb5 Nc4d6
26.Qb5c6 g5
27.Bh4g3 Qf3e2
28.Rh1h7 Nd6f7
29.Bc2g6 { resign }
1-0

[Event "Match"]
[Site "www.echecsemail.com"]
[Date "2015.07.27"]
[Round "1"]
[White "Bojan"]
[Black "Culiflori"]
[WhiteElo "1920"]
[BlackElo "1900"]
[Result "0-1"]
[Round "1"]
1.e4 c5
2.Ng1f3 d6
3.d4 cxd4
4.Nf3xd4 Ng8f6
5.Bf1d3 Nb8c6
6.Bc1e3 e5
7.Nd4f5 Bc8xf5
8.exf5 Qd8d7
9.Nb1c3 d5
10.Be3g5 Bf8e7
11.g4 e4
12.Bd3b5 a6
13.Bb5a4 h6
14.Bg5f4 Ra8d8
15.Qd1e2 Be7b4
16.Bf4d2 O-O
17.Rh1g1 Bb4xc3
18.Bd2xc3 d4
19.Bc3a5 Rd8c8
20.O-O-O Qd7d5
21.Ba5b6 Qd5xa2
22.b3 Nc6b4
{ resign }
0-1

[Event "1/64 Finale"]
[Site "www.chess-mail.com"]
[Date "2015.07.27"]
[Round "1"]
[White "Bluetealeaf"]
[Black "Hali"]
[WhiteElo "1760"]
[BlackElo "2130"]
[Result "0-1"]
[Round "1"]
1.e4 c5
2.Bf1d3 Nb8c6
3.c3 g6
4.Ng1f3 Bf8g7
5.O-O e6
6.Nf3g5 Qd8xg5
7.Qd1f3 Ng8h6
8.Bd3c4 O-O
9.d3 Qg5g4
10.Qf3xg4 Nh6xg4
11.Bc1f4 Ng4e5
12.Nb1d2 Ne5xc4
13.dxc4 b6
14.a4 Bc8b7
15.Bf4d6 Rf8e8
16.Nd2f3 f5
17.Nf3g5 Bg7e5
18.Bd6xe5 Nc6xe5
19.Ra1d1 h6
20.Ng5h3 Bb7xe4
21.Rf1e1 Ne5xc4
22.b3 Nc4b2
23.Rd1d2 Nb2d3
24.Re1e3 Nd3e5
25.Nh3f4 Kg7
26.Re3g3 Be4b7
27.Rd2e2 d6
28.Nf4h5 Kf7
29.f4 gxh5
30.Rg3h3 Ne5g6
31.g3 Bb7f3
32.Re2e3 Bf3g4
33.Rh3h4 Ng6xh4
34.gxh4 e5
35.fxe5 Re8xe5
36.Re3g3 Ra8e8
37.h3 Re5e1
38.Kh2 Re8e2
39.Rg3g2 Re2xg2
40.Kxg2 Bg4d1
41.Kg3 Bd1xb3
{ resign }
0-1

[Event "Fast Game"]
[Site "www.echecsemail.com"]
[Date "2015.07.27"]
[Round "1"]
[White "Bojan"]
[Black "Mitja"]
[WhiteElo "1589"]
[BlackElo "1680"]
[Result "1-0"]
[Round "1"]
1.d4 d5
2.Ng1f3 e6
3.c4 dxc4
4.a3 c6
5.e4 h6
6.Bf1xc4 Nb8d7
7.Nb1c3 Nd7b6
8.Bc4e2 Ng8f6
9.Bc1e3 Bf8e7
10.Qd1c2 O-O
11.h3 Rf8e8
12.Nf3h2 Nf6h7
13.Be2d3 Nh7f6
14.e5 Nf6d5
15.Be3d2 Nd5xc3
16.bxc3 Be7g5
17.f4 Bg5h4
18.Ke2 f5
19.Nh2f3 Bh4g3
20.h4 Nb6d5
21.Qc2c1 g5
22.hxg5 hxg5
23.Nf3xg5 Kg7
24.Rh1h3 Bg3xf4
25.Bd2xf4 Re8h8
26.c4 Nd5xf4
27.Qc1xf4 Rh8xh3
28.gxh3 Kg6
29.Ra1g1 Qd8e7
30.Ng5xe6 { resign }
1-0

[Event "Tourn. n8225"]
[Site "www.chess-mail.com"]
[Date "2015.07.28"]
[Round "1"]
[White "Nimzo"]
[Black "Seger"]
[WhiteElo "2720"]
[BlackElo "2670"]
[Result "1/2-1/2"]
[Round "1"]
1.d4 d5
2.c4 e6
3.Ng1f3 Ng8f6
4.g3 Bf8e7
5.Bf1g2 O-O
6.O-O Nb8d7
7.Qd1c2 c6
8.Nb1d2 b6
9.e4 Bc8b7
10.e5 Nf6e8
11.cxd5 exd5
12.Rf1e1 Ne8c7
13.Nd2f1 c5
14.Nf1e3 Nc7e6
15.Ne3f5 Rf8e8
16.b3 Be7f8
17.Bc1b2 Nd7b8
18.Ra1d1 Nb8c6
19.Qc2b1 cxd4
20.Nf3xd4 Nc6xd4
21.Nf5xd4 Qd8d7
22.Bg2f1 Ne6xd4
23.Bb2xd4 Bf8b4
24.Re1e3 Ra8c8
25.a3 Bb4c5
26.b4 Bc5xd4
27.Rd1xd4 h6
28.Qb1d1 Re8e7
29.f4 Qd7e6
30.a4 Re7c7
{ draw }
1/2-1/2